Tres reformadores : Lutero, Descartes, Rousseau /
Kaydedildi:
| Yazar: | |
|---|---|
| Diğer Yazarlar: | |
| Materyal Türü: | Elektronik Ekitap |
| Dil: | İspanyolca Fransızca |
| Baskı/Yayın Bilgisi: |
Madrid :
Biblioteca Nueva,
2011.
|
| Seri Bilgileri: | Clásicos del pensamiento (Biblioteca Nueva (Firm)) ;
64. |
| Konular: | |
| Online Erişim: | Digitalia Hispánica |
| Etiketler: |
Etiketle
Etiket eklenmemiş, İlk siz ekleyin!
|
MARC
| LEADER | 00000nam a2200000Ii 4500 | ||
|---|---|---|---|
| 001 | DIGBIN01564 | ||
| 003 | NyNyDIG | ||
| 006 | m o d | ||
| 007 | cr ||||||||||| | ||
| 008 | 121101s2011 sp o 000 0 spa d | ||
| 020 | |a 9788499403366 |q (eBook) | ||
| 020 | |z 9788499402475 | ||
| 020 | |z 849940247x | ||
| 035 | |a (OCoLC)888256549 | ||
| 040 | |a DGITA |b eng |e pn |c DGITA | ||
| 041 | 1 | |a spa |h fre | |
| 050 | 1 | 4 | |a B792 eBook |
| 100 | 1 | |a Maritain, Jacques, |d 1882-1973. | |
| 240 | 1 | 0 | |a Trois réformateurs. |l Spanish. |
| 245 | 1 | 0 | |a Tres reformadores : |b Lutero, Descartes, Rousseau / |c Jacques Maritain ; edición de Juan Manuel Forte. |
| 264 | 1 | |a Madrid : |b Biblioteca Nueva, |c 2011. | |
| 300 | |a 1 online resource (321 pages) | ||
| 336 | |a text |b txt |2 rdacontent | ||
| 337 | |a computer |b c |2 rdamedia | ||
| 338 | |a online resource |b cr |2 rdacarrier | ||
| 490 | 1 | |a Clásicos del pensamiento ; |v 64. | |
| 500 | |a Translation of: Trois réformateurs: Luther--Descartes--Rousseau. Paris: Plon-Nourrit et cie, 1925. | ||
| 504 | |a Includes bibliographical references (p. 51-58) and chronology (p. 59-67). | ||
| 600 | 1 | 0 | |a Luther, Martin, |d 1483-1546. |
| 600 | 1 | 0 | |a Descartes, René, |d 1596-1650. |
| 600 | 1 | 0 | |a Rousseau, Jean-Jacques, |d 1712-1778. |
| 655 | 0 | |a Electronic books. | |
| 700 | 1 | |a Forte Monge, Juan Manuel. | |
| 791 | 2 | |a Digitalia (Firm), |e distributor. | |
| 830 | 0 | |a Clásicos del pensamiento (Biblioteca Nueva (Firm)) ; |v 64. | |
| 793 | 0 | |g Digitalia eBook Collection: |a Biblioteca Nueva | |
| 856 | 4 | 0 | |3 Digitalia Hispánica |u https://digitalia.unach.elogim.com/a/14675/ |
| 910 | |a Premium Collection: 2007-2012 | ||